[Event "28. Schweinfurt Open"]
[Site "Schweinfurt"]
[Date "2018.06.03"]
[Round "7.10"]
[White "Bardorz, Christoph"]
[Black "Krenz, Dieter"]
[Result "1/2-1/2"]
[WhiteElo "1749"]
[BlackElo "1907"]
[PlyCount "114"]
[EventDate "2018.??.??"]
[WhiteTeam "TSV 1869 Rottendorf"]
[BlackTeam "SC Prichsenstadt"]

1. e4 Nf6 2. e5 Nd5 3. d4 d6 4. c4 Nb6 5. exd6 cxd6 6. Be2 g6 7. Be3 Bg7 8. h3
O-O 9. Nf3 Nc6 10. Nc3 Bf5 11. a3 d5 12. c5 Nc4 13. Bxc4 dxc4 14. O-O Bd3 15.
Ne2 Re8 16. Re1 e5 17. dxe5 Nxe5 18. Nxe5 Bxe5 19. Qd2 Qf6 20. Bg5 Qg7 21. Bh6
Qh8 22. Nc3 Bd4 23. Nd5 Bxb2 24. Rxe8+ Rxe8 25. Re1 Rxe1+ 26. Qxe1 Qe5 27. Qb4
a5 28. Qxb7 Qe1+ 29. Kh2 Be5+ 30. f4 Bxf4+ 31. Nxf4 Qe8 32. c6 Be4 33. Qd7 Bxc6
34. Qxe8+ Bxe8 35. Nd5 Bb5 36. Nc3 Bc6 37. Be3 f5 38. g3 Kf7 39. Kg1 Ke6 40.
Bf4 Kf6 41. a4 g5 42. Bc7 h6 43. Kf2 Ke6 44. Ke3 Bg2 45. h4 f4+ 46. Kf2 Bc6 47.
hxg5 fxg3+ 48. Kxg3 hxg5 49. Kg4 Kf6 50. Bd8+ Ke5 51. Kxg5 Kd4 52. Bxa5 Kd3 53.
Nb5 Be8 54. Be1 Kc2 55. Nd4+ Kd3 56. Nb5 Kc2 57. Nd4+ Kd3 1/2-1/2

[Event "28. Schweinfurt Open"]
[Site "Schweinfurt"]
[Date "2018.06.03"]
[Round "7.11"]
[White "Scheifele, Paul"]
[Black "Neubauer, Jaroslaus"]
[Result "0-1"]
[WhiteElo "1736"]
[BlackElo "2020"]
[PlyCount "66"]
[EventDate "2018.??.??"]
[WhiteTeam "AB-Schweinheim"]
[BlackTeam "SK Schweinfurt 2000"]

1. e4 e5 2. Nf3 Nc6 3. Bc4 Nf6 4. d3 Bc5 5. Bg5 h6 6. Bh4 g5 7. Bg3 d6 8. h3
Na5 9. Nbd2 Nxc4 10. Nxc4 Be6 11. Ncd2 Nh5 12. Bh2 Nf4 13. Rg1 c6 14. Bxf4 gxf4
15. c3 Qb6 16. d4 exd4 17. cxd4 Bxd4 18. Nxd4 Qxd4 19. Qc2 O-O-O 20. Nf3 Qb4+
21. Nd2 d5 22. exd5 Rxd5 23. a3 Re5+ 24. Kd1 Qd6 25. Qc3 Rd8 26. b4 Rd5 27. Kc1
Rxd2 28. Qc5 Qxc5+ 29. bxc5 Rxf2 30. h4 Rdd2 31. g3 Rc2+ 32. Kb1 Bf5 33. gxf4
Rxc5# 0-1

[Event "28. Schweinfurt Open"]
[Site "Schweinfurt"]
[Date "2018.06.03"]
[Round "7.12"]
[White "Brodt, Andreas"]
[Black "Roth, Jakob"]
[Result "0-1"]
[WhiteElo "1728"]
[BlackElo "1898"]
[PlyCount "90"]
[EventDate "2018.??.??"]
[WhiteTeam "SK Schweinfurt 2000"]
[BlackTeam "Spvgg 1946 Stetten"]

1. Nf3 Nf6 2. d4 d5 3. c4 c6 4. Nc3 dxc4 5. a4 Bf5 6. Ne5 e6 7. Nxc4 Nbd7 8.
Bg5 Qc7 9. e3 Nb6 10. Bf4 Qd8 11. f3 Nxc4 12. Bxc4 Qb6 13. Qb3 Qxb3 14. Bxb3
Nd5 15. Bxd5 exd5 16. e4 dxe4 17. fxe4 Bg6 18. O-O O-O-O 19. d5 Bc5+ 20. Kh1
Rhe8 21. dxc6 bxc6 22. e5 Rd3 23. Rfd1 Red8 24. Rxd3 Rxd3 25. h3 Be3 26. Bh2
Rd2 27. Bg1 Bxg1 28. Kxg1 Rxb2 29. Rc1 Kd7 30. Re1 Ke6 31. Kh2 Rc2 32. Re3 a6
33. Ne2 Rc4 34. a5 Re4 35. Rxe4 Bxe4 36. Nc3 Kxe5 37. Kg3 Kd4 38. Na4 c5 39.
Kf2 c4 40. g3 c3 41. Ke1 Bf3 42. h4 h5 43. g4 Bxg4 44. Nb2 cxb2 45. Kd2 b1=Q
0-1

[Event "28. Schweinfurt Open"]
[Site "Schweinfurt"]
[Date "2018.06.03"]
[Round "7.13"]
[White "Kwossek, Martin"]
[Black "Roth, Ludwig"]
[Result "0-1"]
[WhiteElo "1875"]
[BlackElo "1578"]
[PlyCount "64"]
[EventDate "2018.??.??"]
[WhiteTeam "SC Kitzingen von 1905"]
[BlackTeam "Spvgg 1946 Stetten"]

1. d4 Nf6 2. Nf3 g6 3. c4 Bg7 4. Nc3 O-O 5. g3 d6 6. Bg2 Nbd7 7. O-O e5 8. e3
Nh5 9. Qc2 f5 10. b3 e4 11. Nd2 c5 12. Ne2 cxd4 13. exd4 Nc5 14. Ba3 Nd3 15.
Rad1 Qb6 16. c5 Qa6 17. Qc4+ d5 18. Qxa6 bxa6 19. Rb1 f4 20. gxf4 Nhxf4 21.
Nxf4 Rxf4 22. Bb2 Bg4 23. f3 Nxb2 24. fxg4 Bxd4+ 25. Kh1 Rxg4 26. h3 Rh4 27. b4
Nd3 28. Kh2 Bc3 29. Rfd1 Bxb4 30. Nb3 Rd8 31. Kg3 Rh5 32. c6 Bd6+ 0-1

[Event "28. Schweinfurt Open"]
[Site "Schweinfurt"]
[Date "2018.06.03"]
[Round "7.14"]
[White "Bardorz, Stefan"]
[Black "Brux, Juergen"]
[Result "1-0"]
[WhiteElo "1714"]
[BlackElo "1757"]
[PlyCount "41"]
[EventDate "2018.??.??"]
[WhiteTeam "TSV 1869 Rottendorf"]
[BlackTeam "DT Münnerstadt"]

1. e4 c5 2. Nc3 d6 3. g3 Nf6 4. Bg2 g6 5. f4 e6 6. d3 Bg7 7. Nf3 O-O 8. O-O Nc6
9. Kh1 a6 10. h3 Bd7 11. Nh2 Qc7 12. Rf2 Nd4 13. Ne2 Nxe2 14. Qxe2 Nh5 15. Rf3
Bc6 16. g4 Nf6 17. f5 exf5 18. gxf5 Nd7 19. Ng4 Rae8 20. f6 Bh8 21. Nh6# 1-0

[Event "28. Schweinfurt Open"]
[Site "Schweinfurt"]
[Date "2018.06.03"]
[Round "7.15"]
[White "Koehler, Michael"]
[Black "Voelker, Joachim"]
[Result "1-0"]
[WhiteElo "1603"]
[BlackElo "1749"]
[PlyCount "21"]
[EventDate "2018.??.??"]
[WhiteTeam "SC Prichsenstadt"]
[BlackTeam "SK Schweinfurt 2000"]

1. d4 d5 2. c4 e6 3. Nf3 Be7 4. g3 c5 5. cxd5 exd5 6. Bg2 Nf6 7. O-O O-O 8. Nc3
c4 9. Ne5 Be6 10. b3 Bb4 11. Bb2 1-0

[Event "28. Schweinfurt Open"]
[Site "Schweinfurt"]
[Date "2018.06.03"]
[Round "7.16"]
[White "Reichert, Josef"]
[Black "Orf, Niklas"]
[Result "1/2-1/2"]
[WhiteElo "1508"]
[BlackElo "1893"]
[PlyCount "27"]
[EventDate "2018.??.??"]
[WhiteTeam "SC Maßbach 1951"]
[BlackTeam "SK 1933 Bad Neustadt"]

1. d4 e6 2. c4 b6 3. Nf3 Bb7 4. g3 f5 5. Bg2 Nf6 6. O-O Be7 7. b3 O-O 8. Bb2 d6
9. Nc3 Ne4 10. d5 Nxc3 11. Bxc3 e5 12. a4 a5 13. e3 Na6 14. Ne1 1/2-1/2

[Event "28. Schweinfurt Open"]
[Site "Schweinfurt"]
[Date "2018.06.03"]
[Round "7.17"]
[White "Weineck, Ekkehard"]
[Black "Kiesel, Jannik"]
[Result "1-0"]
[WhiteElo "1594"]
[BlackElo "997"]
[PlyCount "53"]
[EventDate "2018.??.??"]
[WhiteTeam "SV Würzburg von 1865"]
[BlackTeam "DT Münnerstadt"]

1. e4 e5 2. Nf3 Nc6 3. Bc4 Bc5 4. O-O Nf6 5. d3 h6 6. c3 d5 7. exd5 Nxd5 8. Re1
Bg4 9. Nbd2 O-O 10. b4 Bb6 11. Qb3 Nf4 12. Qc2 Bf5 13. Ne4 Ng6 14. a4 a6 15.
Ba3 Re8 16. Rad1 Bg4 17. Qb3 Be6 18. Bb2 Nf4 19. d4 exd4 20. cxd4 Ba7 21. d5 b5
22. axb5 axb5 23. dxe6 bxc4 24. exf7+ Kxf7 25. Qxc4+ Re6 26. Rxd8 Nxd8 27.
Qxc7+ 1-0

[Event "28. Schweinfurt Open"]
[Site "Schweinfurt"]
[Date "2018.06.03"]
[Round "7.18"]
[White "Seelmann, Noah"]
[Black "Reichert, Claudia"]
[Result "1-0"]
[WhiteElo "1133"]
[BlackElo "1190"]
[PlyCount "69"]
[EventDate "2018.??.??"]
[WhiteTeam "SF Zeiler Turm"]
[BlackTeam "DT Münnerstadt"]

1. e4 e5 2. Nf3 Nc6 3. Bc4 Bc5 4. d3 h6 5. h3 d6 6. O-O Nf6 7. Nc3 O-O 8. Na4
Bb6 9. Nxb6 axb6 10. a3 Qe7 11. Qe2 Be6 12. Bxe6 Qxe6 13. c3 d5 14. Bd2 dxe4
15. dxe4 Qb3 16. Rab1 Rad8 17. Rfd1 Qc2 18. Qf1 Nxe4 19. Be3 Rxd1 20. Qxd1
Qxd1+ 21. Rxd1 Nd6 22. Bxb6 Nc4 23. Bxc7 Nxb2 24. Rb1 Nc4 25. Rxb7 e4 26. Nd4
Nxd4 27. cxd4 e3 28. fxe3 Nxe3 29. Bb6 f5 30. Bc5 Rd8 31. Ra7 Nc2 32. Ra4 Kf7
33. Ra7+ Kg6 34. Ra6+ Kg5 35. Be7+ 1-0

[Event "28. Schweinfurt Open"]
[Site "Schweinfurt"]
[Date "2018.06.03"]
[Round "7.19"]
[White "Scheifele, Jan"]
[Black "Loew, Leonid"]
[Result "1/2-1/2"]
[WhiteElo "1004"]
[BlackElo "1382"]
[PlyCount "51"]
[EventDate "2018.??.??"]
[WhiteTeam "AB-Schweinheim"]
[BlackTeam "Allersberger SC 2000"]

1. e4 e5 2. Nf3 Nc6 3. Bc4 Nf6 4. d3 Bc5 5. c3 d6 6. h3 O-O 7. O-O Ne7 8. Be3
Bb6 9. Nbd2 Ng6 10. Re1 Nf4 11. Bxf4 exf4 12. e5 dxe5 13. Nxe5 Be6 14. Ndf3 Re8
15. Bxe6 Rxe6 16. Nc4 Rxe1+ 17. Nxe1 Nd5 18. Nxb6 Nxb6 19. Qf3 c6 20. Qxf4 a5
21. b4 Nd5 22. Qd4 axb4 23. cxb4 Qd6 24. Qc5 Qxc5 25. bxc5 Nf4 26. Kh2 1/2-1/2

[Event "28. Schweinfurt Open"]
[Site "Schweinfurt"]
[Date "2018.06.03"]
[Round "7.20"]
[White "Chen, Jiwei"]
[Black "Dehmel, Manfred"]
[Result "1-0"]
[WhiteElo "1018"]
[BlackElo "1222"]
[PlyCount "55"]
[EventDate "2018.??.??"]
[WhiteTeam "SK Schweinfurt 2000"]
[BlackTeam "SC KS Alzenau"]

1. e4 c5 2. Nf3 d6 3. Nc3 g6 4. Bc4 e6 5. a3 a6 6. d3 Bg7 7. Ba2 Nc6 8. Bd2 b5
9. Ng5 Bf6 10. Nf3 Bb7 11. Rb1 Nd4 12. Nxd4 Bxd4 13. Ne2 Qf6 14. Nxd4 Qxd4 15.
Bc3 Qa4 16. Bxh8 Qa5+ 17. Bc3 Qd8 18. b4 Qg5 19. Qf3 Ne7 20. bxc5 Qxc5 21. Bb2
Qxc2 22. O-O Qd2 23. Rfd1 Qc2 24. Rdc1 Qa4 25. Rc7 Rb8 26. Qf6 Nc6 27. Qxf7+
Kd8 28. Qd7# 1-0

[Event "28. Schweinfurt Open"]
[Site "Schweinfurt"]
[Date "2018.06.03"]
[Round "7.21"]
[White "Roth, Claudia"]
[Black "Seelmann, David"]
[Result "0-1"]
[WhiteElo "1092"]
[BlackElo "958"]
[PlyCount "46"]
[EventDate "2018.??.??"]
[WhiteTeam "Spvgg 1946 Stetten"]
[BlackTeam "SF Zeiler Turm"]

1. e4 e5 2. Nf3 Nc6 3. d4 exd4 4. Nxd4 Qe7 5. Nc3 Nf6 6. Bg5 h6 7. Nxc6 dxc6 8.
Bxf6 Qxf6 9. Be2 Qg6 10. O-O Bh3 11. Bf3 Rd8 12. Qe2 Bd6 13. e5 Bc5 14. Kh1 Be6
15. Rad1 O-O 16. Rxd8 Rxd8 17. Be4 Qg5 18. g3 b5 19. a3 Bc4 20. Rd1 Bxe2 21.
Rxd8+ Qxd8 22. Nxe2 Qd1+ 23. Kg2 Qxe2 0-1

[Event "28. Schweinfurt Open"]
[Site "Schweinfurt"]
[Date "2018.06.03"]
[Round "7.23"]
[White "Gerhard, Georg"]
[Black "Gerhard, Philipp"]
[Result "1/2-1/2"]
[WhiteElo "1203"]
[BlackElo "892"]
[PlyCount "75"]
[EventDate "2018.??.??"]
[WhiteTeam "TSV 1895 Karlburg"]
[BlackTeam "TSV 1895 Karlburg"]

1. e4 e5 2. f4 exf4 3. Nf3 d5 4. exd5 Qxd5 5. Nc3 Qe6+ 6. Qe2 Qxe2+ 7. Bxe2 Nf6
8. d3 Bb4 9. Bd2 O-O 10. a3 Bc5 11. Bxf4 Bg4 12. Bxc7 Nc6 13. O-O-O Rac8 14.
Bg3 Rfe8 15. h3 Be3+ 16. Kb1 Bxf3 17. Bxf3 Re7 18. Bxc6 Rxc6 19. Rhf1 Bd4 20.
Na2 Re2 21. Nb4 Rb6 22. c3 Bc5 23. Bb8 a5 24. Ba7 Rb5 25. c4 axb4 26. cxb5 Bxa7
27. Rc1 g6 28. Rxf6 Bd4 29. Rcf1 Rxb2+ 30. Kc1 Bxf6 31. Rxf6 Rxg2 32. axb4 Rg3
33. Rb6 Rxh3 34. Rxb7 Rxd3 35. b6 Rb3 36. Rc7 Rxb4 37. b7 Rxb7 38. Rxb7 1/2-1/2